Opinions des médecins d'Edimbourg sur la petite-vérole et la vaccine / (Record no. 162058)

MARC details
000 -LEADER
campo de control de longitud fija 00754nam a22001815i 4500
001 - NÚMERO DE CONTROL
campo de control 162058
003 - IDENTIFICADOR DE NÚMERO DE CONTROL
campo de control ES-MaACL
005 - FECHA Y HORA DE LA ÚLTIMA TRANSACCIÓN
campo de control 20250724063423.0
008 - DATOS DE LONGITUD FIJA--INFORMACIÓN GENERAL
campo de control de longitud fija 041102s1825 fr |||| | fre d
040 ## - FUENTE DE CATALOGACIÓN
Centro catalogador/agencia de origen CAM
Lengua de catalogación spa
Centro/agencia transcriptor CAM
100 1# - ENTRADA PRINCIPAL--NOMBRE DE PERSONA
Nombre de persona Pichot, Amédée,
Fechas asociadas al nombre 1795-1877
9 (RLIN) 91840
245 10 - MENCIÓN DEL TÍTULO
Título Opinions des médecins d'Edimbourg sur la petite-vérole et la vaccine /
Mención de responsabilidad, etc. publiées par Amédée Pichot.
260 ## - PUBLICACIÓN, DISTRIBUCIÓN, ETC.
Lugar de publicación, distribución, etc. Paris :
Nombre del editor, distribuidor, etc. chez Ladvocat, Gabon, Charles Gosselin,
Fecha de publicación, distribución, etc. 1825 (
Fabricante Imprimerie de Lachevardière Fils)
300 ## - DESCRIPCIÓN FÍSICA
Extensión 32 p. ;
Dimensiones 21 cm.
650 04 - PUNTO DE ACCESO ADICIONAL DE MATERIA--TÉRMINO DE MATERIA
Término de materia o nombre geográfico como elemento de entrada Viruela-
Subdivisión general Vacunación.
9 (RLIN) 136990
852 ## - LOCALIZACIÓN
Ubicación ES-MaACL
Número de control de estantería R-1364(5)
Nota libre -- Enc. hol.
condición física -- Falto de la cub. original
Nota libre -- Enc. en un vol. facticio
-- .- Donat. Mateo Seoane
Holdings
Estatus retirado Estado de pérdida Estado de daño No para préstamo Colección Biblioteca de origen Biblioteca actual Ubicación en estantería Fecha de adquisición Total de préstamos Signatura topográfica completa Código de barras Visto por última vez Precio de reemplazo Tipo de ítem Koha
        Libros del s. XIX Biblioteca del Ateneo de Madrid Biblioteca del Ateneo de Madrid Depósito 17/01/2008   R-1364(5) 1169767 23/02/2023 23/02/2023 Libro impreso antiguo